Potápěči

Bibliographic Details
Main Author: Blažek, Tomáš (Author)
Format: Book
Language:Czech
PhysicalDescription:256 s.
Published: Praha Naše vojsko 1966
Subjects:

MARC

LEADER 00000nam a2200000 a 4500
001 vtls001356239
003 SK-MaSNL
005 20260301010524.0
008 240314s1966 xr g 00000 cze
035 |a SNK000309711 
040 |a SNK  |b slo  |c SNK  |e AACR2 
041 0 |a cze 
072 7 |a 797  |x Vodné športy. Letecké športy  |2 konspekt 
080 |a 797.215  |2 2011 
080 |a (035)  |2 2011 
100 1 |a Blažek, Tomáš  |4 aut  |9 292462 
245 1 0 |a Potápěči  |c Tomáš Blažek 
260 |a Praha  |b Naše vojsko  |c 1966 
300 |a 256 s. 
650 0 7 |a potápanie  |2 SNKPH  |9 3242 
650 0 7 |a Diving  |2 SNKPHeng  |9 292463 
655 7 |a príručky  |2 SNKPH  |9 74364 
655 7 |a Handbooks, manuals, etc.  |2 SNKPHeng  |9 90964 
852 |a Štátna vedecká knižnica v Banskej Bystrici 
958 |a OND 
999 |c 548342  |d 550272 
952 |t P60, <04>, [BOOK], {604}  |a SNK  |b SNK  |y VYP  |7 0  |p 17A0182520  |o snkID 41294  |0 0  |1 0  |4 0  |d 1999-02-25  |l 0  |r 2005-01-02 00:00:00  |w 2026-02-23